00462nam a2200157Ia 4500003000900000005001700009008004100026040001600067080001500083100001900098245008300117260003400200300001600234650004100250650001300291IN-BaIIA20250704140825.0211028s9999 xx 000 0 eng d cIIA Library a551.4bDUT aDutoit, Alex L 0aOur wandering continntsban hypothesis of continental driftingcAlex L Du Toit aLondonbOliver and Boydc1937 axiii, 366p. aAstronomy and Astrophysics Thesaurus aDrifting